[Event "Senigallia op 5th"]
[Site "Senigallia"]
[Date "2010.08.07"]
[Round "6"]
[White "Calza, Gabriele"]
[Black "Sabia, Corrado"]
[Result "1/2-1/2"]
[WhiteElo "1992"]
[BlackElo "2176"]
[PlyCount "73"]
[EventDate "2010.08.02"]
[EventType "swiss"]
[EventRounds "7"]
[EventCountry "ITA"]
[SourceTitle "CBM 137 Extra"]
[Source "ChessBase"]
[SourceDate "2010.09.01"]
[SourceVersion "1"]
[SourceVersionDate "2010.09.01"]
[SourceQuality "1"]

1. Nf3 d5 2. c4 c6 3. g3 Bg4 4. Bg2 Nd7 5. cxd5 cxd5 6. Qa4 Ngf6 7. Nc3 Bxf3 8. Bxf3 e6 9. 0-0 Be7 10. d4 0-0 11. Bf4 Nb6 12. Qb3 Bd6 13. Bxd6 Qxd6 14. Rac1 Nc4 15. Rfd1 Qe7 16. e4 dxe4 17. Nxe4 Nb6 18. Nxf6+ gxf6 19. Qe3 Rfe8 20. Qf4 Rac8 21. Rxc8 Nxc8 22. d5 Rd8 23. Re1 f5 24. g4 fxg4 25. Qxg4+ Kh8 26. Kh1 e5 27. Rg1 f6 28. d6 Qf7 29. Qh4 Rxd6 30. Bh5 Qe7 31. Bg6 Rd4 32. Qh3 Rd8 33. f3 Nb6 34. Bc2 Qd7 35. Bf5 Qe7 36. Qg4 Qf8 37. Be6 1/2-1/2

[Event "Senigallia op-A"]
[Site "Senigallia"]
[Date "2010.07.29"]
[Round "5"]
[White "Calza, Gabriele"]
[Black "Nagni, Marco"]
[Result "1-0"]
[WhiteElo "1992"]
[BlackElo "1898"]
[PlyCount "81"]
[EventDate "2010.07.25"]
[EventType "swiss"]
[EventRounds "7"]
[EventCountry "ITA"]
[SourceTitle "CBM 137 Extra"]
[Source "ChessBase"]
[SourceDate "2010.09.01"]
[SourceVersion "1"]
[SourceVersionDate "2010.09.01"]
[SourceQuality "1"]

1. Nf3 c5 2. c4 Nc6 3. g3 b6 4. Bg2 Bb7 5. 0-0 Nf6 6. Nc3 d6 7. b3 e6 8. Bb2 Be7 9. d4 cxd4 10. Nxd4 Qc8 11. Ncb5 Nxd4 12. Qxd4 Bxg2 13. Kxg2 Qc6+ 14. f3 a6 15. Nc3 h5 16. h4 Ng4 17. Ne4 Nf6 18. Nf2 Rd8 19. Rac1 Qc5 20. Qd2 Rg8 21. Nd3 Qf5 22. e4 Qh7 23. Qe3 Nd7 24. Rh1 e5 25. Kf2 f5 26. Rcd1 Rf8 27. Ke2 g5 28. hxg5 f4 29. gxf4 exf4 30. Qd4 Bxg5 31. Qxd6 Nc5 32. Qc6+ Nd7 33. Ne5 Qg7 34. Rxd7 Rxd7 35. Qxd7+ Qxd7 36. Nxd7 Kxd7 37. Rxh5 Rg8 38. Rh7+ Kc6 39. Rg7 Rh8 40. Rg6+ Kd7 41. Bxh8 1-0

[Event "Senigallia op 6th"]
[Site "Senigallia"]
[Date "2009.07.25"]
[Round "6"]
[White "Calza, Gabriele"]
[Black "Badano, Giancarlo"]
[Result "1/2-1/2"]
[WhiteElo "2001"]
[BlackElo "1957"]
[PlyCount "87"]
[EventDate "2009.07.20"]
[EventType "swiss"]
[EventRounds "7"]
[EventCountry "ITA"]
[SourceTitle "EXT 2012"]
[Source "ChessBase"]
[SourceDate "2011.11.24"]
[SourceVersion "1"]
[SourceVersionDate "2011.11.24"]
[SourceQuality "1"]

1. Nf3 e6 2. c4 d5 3. g3 Nf6 4. Bg2 c5 5. 0-0 Nc6 6. b3 g6 7. Bb2 Bg7 8. e3 0-0 9. Nc3 dxc4 10. bxc4 Qd3 11. Qe2 Nb4 12. Ne1 Qxe2 13. Nxe2 Rb8 14. d4 Nd7 15. a3 Na6 16. Nd3 b6 17. Rab1 Bb7 18. Ndf4 Bxg2 19. Kxg2 cxd4 20. exd4 Rbc8 21. Rfc1 g5 22. Nd3 Rc7 23. Nb4 Nab8 24. Rc2 Rfc8 25. Rbc1 a5 26. Nd3 b5 27. c5 Nc6 28. f4 h6 29. Nf2 Nf6 30. Rd1 Nd5 31. Kf3 f5 32. Nd3 b4 33. axb4 axb4 34. Ndc1 Ra8 35. Rd3 Rca7 36. Nb3 Ra2 37. Nec1 R2a7 38. Nd2 Kf7 39. Nc4 Rb8 40. Re2 Ke7 41. Nd6 Kd7 42. Nc4 Rab7 43. Nb3 Ra7 44. Nc1 1/2-1/2

[Event "Cattolica op"]
[Site "Cattolica"]
[Date "2005.06.18"]
[Round "8"]
[White "Calza, Gabriele"]
[Black "Straub, Peter"]
[Result "0-1"]
[WhiteElo "1790"]
[BlackElo "2112"]
[PlyCount "104"]
[EventDate "2005.06.11"]
[EventType "swiss"]
[EventRounds "9"]
[EventCountry "ITA"]
[SourceTitle "EXT 2007"]
[Source "ChessBase"]
[SourceDate "2006.11.23"]
[SourceVersion "1"]
[SourceVersionDate "2006.11.23"]
[SourceQuality "1"]

1. c4 Nf6 2. g3 e6 3. Bg2 Be7 4. Nf3 d5 5. b3 c5 6. cxd5 Nxd5 7. Bb2 0-0 8. 0-0 Nc6 9. Nc3 Nc7 10. Rc1 Rb8 11. Ne4 b6 12. d4 f5 13. Ned2 Nxd4 14. Nxd4 cxd4 15. Nf3 Nb5 16. a4 Nc3 17. Bxc3 dxc3 18. Rxc3 Ba6 19. Qc2 Bf6 20. Rd1 Qxd1+ 21. Qxd1 Bxc3 22. Qd7 Rbe8 23. Ng5 Bf6 24. Nh3 Re7 25. Qd6 Rc8 26. Nf4 Rc1+ 27. Bf1 Kf7 28. h4 Rcc7 29. Bg2 Rcd7 30. Qb4 Bb7 31. e4 fxe4 32. Bxe4 Rd4 33. Qxe7+ Kxe7 34. Bxb7 g5 35. hxg5 Bxg5 36. Nh3 Bh6 37. Ba6 Kd6 38. Kg2 Rb4 39. Bc4 a6 40. Bxa6 Rxb3 41. Ng1 Rb4 42. Bb5 e5 43. Ne2 Kc5 44. Bd7 Bd2 45. Ng1 e4 46. Kf1 Rb1+ 47. Ke2 Rxg1 48. Kxd2 Kd4 49. Ke2 h6 50. Bc6 Rc1 51. Bb5 Rc2+ 52. Kf1 e3 0-1

[Event "SEMI B012 email"]
[Site "SEMI email"]
[Date "2000.07.05"]
[Round "?"]
[White "Calza, Gabriele"]
[Black "Huston, James"]
[Result "1-0"]
[WhiteElo "1711"]
[BlackElo "1385"]
[PlyCount "31"]
[EventDate "2000.07.05"]
[EventType "tourn (corr)"]
[EventRounds "5"]
[EventCountry "ITA"]
[SourceTitle "Corr 2002"]
[Source "ChessBase"]
[SourceDate "2002.05.23"]
[SourceVersion "1"]
[SourceVersionDate "2002.05.23"]
[SourceQuality "1"]

1. c4 Nf6 2. Nc3 g6 3. g3 Bg7 4. Bg2 0-0 5. d3 d6 6. Bg5 e5 7. Qd2 Re8 8. e4 c6 9. Nge2 Be6 10. 0-0 Nbd7 11. h3 a6 12. Bh6 b5 13. Bxg7 Kxg7 14. b3 Nb6 15. f4 Nfd7 16. f5 1-0